| 000 | 01167nam a2200229Ia 4500 | ||
|---|---|---|---|
| 003 | Ost | ||
| 005 | 20260507075650.0 | ||
| 008 | 260507s9999||||xx |||||||||||||| ||und|| | ||
| 020 | _a×146029957 | ||
| 040 | _cfsecg | ||
| 041 | _aara | ||
| 082 | _a658 | ||
| 100 |
_aالموسوي، سنان _eمؤلف |
||
| 245 | 0 |
_aالإدارة المعاصرة : _bالأصول والتطبيقات / _c سنان الموسوي |
|
| 260 |
_aعمان: _bدار المجدلاوي للنشر والتوزيع, _c2004 |
||
| 300 |
_a276 صفحة؛ _bإيضاحات ؛ _c24 سم |
||
| 504 | _aالمراجع، ص272 | ||
| 520 | _aماهية الإدارة وعلاقتها بالعلوم الأخرى- الفكر الإداري وتطوره - الإدارة اليابانية ونظرية Z في الإدارة- التخطيط واتخاذ القرار- التنظيم الإداري مفهومه وأنواعه- السلطة والمسؤولية- القيادة- الإتصال الإداري- الحفز الإنساني- الرقابة- نظم المعلومات الإدارية. | ||
| 653 | _aإدارة الأعمال | ||
| 653 | _aالإدارة | ||
| 942 | _cكتاب | ||
| 999 |
_c45585 _d45585 |
||